[Event "CRO-ch U17/U19"]
[Site "Vinkovci"]
[Date "2019.07.25"]
[Round "5"]
[White "Juric, Ester"]
[Black "Arnold, Dora"]
[Result "1-0"]
[WhiteElo "1633"]
[BlackElo "1532"]
[PlyCount "75"]
[EventDate "2019.07.22"]
[EventType "swiss"]
[EventRounds "9"]
[EventCountry "CRO"]
[SourceTitle "EXT 2020"]
[Source "ChessBase"]
[SourceDate "2019.10.17"]
[SourceVersion "1"]
[SourceVersionDate "2019.10.17"]
[SourceQuality "1"]

1. e4 e5 2. Nf3 Nc6 3. Bc4 Bc5 4. c3 Nf6 5. d4 exd4 6. cxd4 Bb4+ 7. Nc3 Nxe4 8. 0-0 Bxc3 9. d5 Ba5 10. dxc6 bxc6 11. Qa4 Nd6 12. Bxf7+ Nxf7 13. Qxa5 0-0 14. Re1 h6 15. Bf4 d6 16. Rac1 Bb7 17. Nd4 Qf6 18. Ne6 Rfc8 19. Bg3 Ne5 20. Bxe5 Qxe6 21. Bxg7 Qg6 22. Re3 Qg5 23. Qxg5 hxg5 24. Bf6 Kf7 25. Bxg5 Re8 26. Rce1 Rxe3 27. Rxe3 Re8 28. Rxe8 Kxe8 29. h4 c5 30. h5 Bd5 31. a3 Bg8 32. g4 d5 33. Bd2 Ke7 34. Kg2 Ke6 35. f4 d4 36. Kf3 Bh7 37. f5+ Kd5 38. Kf4 1-0

[Event "CRO-ch U17/U19"]
[Site "Vinkovci"]
[Date "2019.07.23"]
[Round "2"]
[White "Bevanda, Ema"]
[Black "Juric, Ester"]
[Result "1-0"]
[WhiteElo "1726"]
[BlackElo "1633"]
[PlyCount "85"]
[EventDate "2019.07.22"]
[EventType "swiss"]
[EventRounds "9"]
[EventCountry "CRO"]
[SourceTitle "EXT 2020"]
[Source "ChessBase"]
[SourceDate "2019.10.17"]
[SourceVersion "1"]
[SourceVersionDate "2019.10.17"]
[SourceQuality "1"]

1. d4 d5 2. Bf4 Nf6 3. e3 e6 4. Nf3 Bd6 5. Ne5 0-0 6. Bd3 c5 7. c3 b6 8. Nd2 Bb7 9. 0-0 Qc7 10. Qf3 Nbd7 11. Qg3 Nh5 12. Qh4 Ndf6 13. Ng4 Nxg4 14. Bxd6 Qxd6 15. Qxg4 Nf6 16. Qh4 h6 17. Nf3 c4 18. Bc2 b5 19. Ne5 a5 20. g4 Ne4 21. f3 Ng5 22. Rf2 Qd8 23. Qh5 Qe7 24. Kf1 Nh7 25. Qh3 Qd8 26. Qg3 g6 27. h4 Nf6 28. g5 hxg5 29. hxg5 Nh5 30. Qh4 Kg7 31. f4 Rh8 32. Qg4 Qe7 33. Ke2 Rh7 34. Rh2 Rah8 35. Rah1 b4 36. Qg1 bxc3 37. bxc3 Qa3 38. Kd2 Qxa2 39. Ng4 Kf8 40. Nf6 Nxf6 41. gxf6 Rxh2+ 42. Rxh2 Rxh2+ 43. Qxh2 1-0